Psicopatología descriptiva: nuevas tendencias

Gespeichert in:
Bibliographische Detailangaben
Hauptverfasser: Luque, Rogelio (autor), Villagrán, José M (VerfasserIn)
Format: Buch
Sprache:Spanisch
Veröffentlicht: Madrid Trotta 2000
Ausgabe:1a. ed
Schriftenreihe:Colección Estructuras y Procesos. Serie Pensamiento, Psicopatología y Psiquiatría
Schlagworte:
Tags: Tag hinzufügen
Keine Tags, Fügen Sie den ersten Tag hinzu!

MARC

LEADER 00000nam a2200000 a 4500
001 UCJ1686
003 CL-VaPUC
008 061110e20000000SP |||||||||||||||||spa|d
020 |a 8481644218 
082 0 4 |a 616.89  |b LUQ  |2 21 
100 |a Luque, Rogelio  |e autor  |9 502363 
700 0 |a Villagrán, José M  |e author  |9 502364 
245 1 0 |a Psicopatología descriptiva: nuevas tendencias 
250 |a 1a. ed 
300 |a 622 p 
942 |c BK 
945 |d 20061110 00:00:00  |a cmena 
260 |a Madrid  |b Trotta  |c 2000 
650 0 |a Psicopatología   |9 307473 
650 0 |a Psiquiatría  |9 308427 
650 0 |a Enfermedades mentales   |9 310204 
650 0 |a Trastornos del comportamiento  |9 311363 
583 |a last modification  |c 20061110 00:00:00  |k Rodrigo Vera 
490 0 |a Colección Estructuras y Procesos. Serie Pensamiento, Psicopatología y Psiquiatría 
999 |c 318178  |d 318176 
952 |0 0  |1 0  |4 0  |6 616_890000000000000_LUQ_2000  |7 0  |8 A  |9 395587  |a BIBEDU  |b BIBEDU  |c ES_NOD  |d 2019-11-22  |i 4295218  |o 616.89 LUQ 2000  |p 4295218  |r 2023-08-09  |w 2019-11-22  |y BK  |k EDI